Statistics for TOP15 Countries with most subscribed youtubers

Click here to take the quiz!

General Stats

  • This quiz has been taken 43 times
  • The average score is 10 of 15

Answer Stats

Subscribers of most subscribed yt channel of countryCountry% Correct
43,2 mlnUK
97%
69,8 mlnUSA
97%
48,7 mlnCanada
95%
124 MlnIndia
95%
54,7 mlnBrazil
87%
42 mlnMexico
85%
36,7 mlnSpain
85%
32,6 mlnSouth Korea
79%
102 MlnSweden
77%
44,4 mlnRussia
74%
40.2 mlnChile
59%
31,9 mlnNorway
46%
43,1 mlnUkraine
41%
33,5 mlnBarbados
15%
34,6 mlnEl Salvador
10%

Score Distribution

Percentile by Number Answered

Percent of People with Each Score

Your Score History

You have not taken this quiz